000 00826nam a2200253 a 4500
001 BRCA_5389
005 20190320205046.0
008 830419s1930 nyua######---#000-0#eng-#
041 _aeng
044 _anyu
050 4 _aNK7362
_b.S63 1930
245 1 0 _aSpain Costume details
_bjewelry
_cThe Hispanic Society of America
260 _aNueva York
_bOrder of the Trustees
_c[1930]
300 _a1 v. en 10 láminas
_bil.
_c20 cm.
440 0 _aSpain Costume details
_913784
500 _aDiez ilustraciones de fotografías en la colección de The Hispanic Society of America
500 _aM18
650 1 4 _aJoyería
_zEspaña
_913785
650 1 4 _aGalerías y museos
_zEstados Unidos
_97437
650 1 4 _aIndumentaria
_zEspaña
_98008
710 2 _aThe Hispanic Society of America
_910966
902 _aGFM
942 _2lcc
_cB
999 _c5083
_d5083